| 000 | 004720000a22001810004500 | ||
|---|---|---|---|
| 003 | MACL | ||
| 005 | 20150821163947.0 | ||
| 008 | 150821b xxu||||| |||| 00| 0 eng d | ||
| 040 |
_aMACL _cMACL |
||
| 041 | _aEnglish | ||
| 082 | _a622.28/MIT | ||
| 100 |
_aMittre, Vishnu _96615 |
||
| 245 | _aRocks Unfold The Past | ||
| 260 |
_bNational Council of Educational Reasearch and Training _c1973 _aCalcutta |
||
| 350 | _a2 | ||
| 650 |
_aMinings _96616 |
||
| 942 |
_cBK _k622.28 _2ddc |
||
| 999 |
_c6837 _d6837 |
||